| 000 | 00000nam 2200000za 4500 |
| 001 | 9.846977 |
| 003 | CaOODSP |
| 005 | 20221107153331 |
| 007 | cr ||||||||||| |
| 008 | 171110s1961 onci o f000 0 eng d |
| 040 | |aCaOODSP|beng |
| 043 | |an-cn--- |
| 086 | 1 |aCS12-506/1961E-PDF |
| 245 | 00|aOccupational classification manual, Census of Canada, 1961 |h[electronic resource] / |cDominion Bureau of Statistics. |
| 260 | |aOttawa : |bRoger Duhamel, Queen's Printer, |c1961. |
| 300 | |a467 p. |
| 500 | |aCover title. |
| 500 | |a"April 1961." |
| 500 | |aPrepared by: Alice G. Wood ... [et al.]. Cf. Preface. |
| 500 | |aDigitized edition from print [produced by Statistics Canada]. |
| 520 | |a“This Classification of Occupations has been prepared primarily for use in the Census of Canada 1961. Occupational data from the census are used in conjunction with statistics from current surveys and, therefore, the Census Classification of Occupations is used widely for statistical survey work. This is a revision of the 1951 Census Classification of Occupations and the grouping system is quite different from that used in 1951 but many of the occupational classes remain unchanged. Some classes have been added to take account of new developments and others have been discontinued because they have become relatively less important. The changes in the grouping system and in the terminology of group titles are designed to provide categories that are more homogeneous from an occupational point of view and a terminology with an occupational rather than an industrial flavour"--Introd., p. [7]. |
| 530 | |aIssued also in print format. |
| 692 | 07|2gccst|aJob classification |
| 692 | 07|2gccst|aIndexes |
| 692 | 07|2gccst|aCensus |
| 692 | 07|2gccst|aHandbooks |
| 700 | 1 |aWood, Alice G. |
| 710 | 1 |aCanada. |bDominion Bureau of Statistics. |
| 856 | 40|qPDF|s50.50 MB|uhttps://publications.gc.ca/collections/collection_2017/statcan/12-506/CS12-506-1961-eng.pdf |
| 986 | |a11-506 1961 |